|
|
|
|
| LEADER |
00000cam a2200000 7i4500 |
| 001 |
0000004601 |
| 005 |
20040421093000.0 |
| 008 |
021118s1976 |
| 090 |
0 |
0 |
|a BP166
|b .J2915
|
| 100 |
0 |
|
|a جزائري, طاهر بن صالح ,
|e author
|
| 245 |
1 |
0 |
|a Tauhid :
|b terjemahan al-Jawahirul kalamiyah
|c Tahir ibn Salih al-Jaza`iri
|f [diterjemahkan oleh] Dja'far Amir
|
| 260 |
2 |
|
|a Pekalongan, [Indonesia] :
|b Raja Murah ,
|c [1976?]
|
| 300 |
|
|
|a 113 p. ;
|c 20 cm.
|
| 650 |
|
0 |
|a Islam
|x Creeds
|
| 650 |
|
0 |
|a Islam
|x Essence, genius, nature
|
| 999 |
|
|
|a 1000004054
|b Book
|c OPEN SHELF (30 DAYS)
|e Gong Badak Campus
|